[Event "10. Torneo IRT Mostoles 2019"]
[Site "Móstoles ESP"]
[Date "2019.07.22"]
[Round "5.10"]
[White "Rebollo Palos, Isaac"]
[Black "Poceiro Solino, Juan Octavio"]
[Result "1-0"]
[WhiteElo "1869"]
[BlackElo "1715"]
[PlyCount "165"]
[EventDate "2019.07.18"]
[EventType "swiss"]
[EventRounds "9"]
[EventCountry "ESP"]
[SourceTitle "Ajedrez en Madrid"]
[Source "lmi"]
[SourceDate "2019.07.18"]
[SourceVersion "1"]
[SourceVersionDate "2019.07.28"]
[SourceQuality "1"]

1. e4 c5 2. c3 g6 3. d4 cxd4 4. cxd4 d5 5. e5 Nc6 6. Nf3 f6 7. Bb5 Bg4 8. Bxc6+
bxc6 9. Nbd2 fxe5 10. dxe5 Bg7 11. Qa4 Qd7 12. O-O c5 13. Qa3 Rc8 14. h3 Bxf3
15. Nxf3 e6 16. b4 cxb4 17. Qxb4 Rc4 18. Qb8+ Rc8 19. Qb3 Ne7 20. Ba3 O-O 21.
Rac1 Rb8 22. Qd3 Rfc8 23. Bxe7 Qxe7 24. Qa6 Rf8 25. Rc3 Rb6 26. Qe2 Rb4 27. Qc2
Rbf4 28. Re1 Qb4 29. Rb3 Qa5 30. Re2 Rc4 31. Qb2 Rfc8 32. Nd4 Qa6 33. Ra3 Rc1+
34. Kh2 Qb6 35. Qxb6 axb6 36. Nxe6 Bh6 37. Nd4 Rd1 38. Nf3 d4 39. Ne1 Rcc1 40.
Nd3 Bf8 41. Nxc1 Bxa3 42. Nb3 d3 43. Rd2 Rxd2 44. Nxd2 Bc1 45. Ne4 d2 46. Nc3
Bb2 47. Nd1 Bxe5+ 48. Kg1 Kf7 49. Kf1 Ke6 50. Ke2 Bd4 51. Ne3 Bc3 52. Nc4 b5
53. Nxd2 Kd5 54. Kd3 Bg7 55. Nb3 Be5 56. f3 h6 57. Ke3 Bb2 58. f4 g5 59. g3
gxf4+ 60. gxf4 h5 61. Kd3 Ba3 62. Nd4 Bc1 63. Ne2 Ba3 64. Ng3 h4 65. Ne4 Bc1
66. Nc3+ Kc5 67. Ke4 Kb4 68. a4 bxa4 69. Na2+ Kb3 70. Nxc1+ Kb2 71. Nd3+ Kc3
72. f5 a3 73. Nc1 Kc2 74. f6 Kxc1 75. f7 a2 76. f8=Q a1=Q 77. Qf1+ Kb2 78.
Qxa1+ Kxa1 79. Kf4 Kb2 80. Kg4 Kc3 81. Kxh4 Kd4 82. Kg5 Kd5 83. Kf6 1-0

[Event "10. Torneo IRT Mostoles 2019"]
[Site "Móstoles ESP"]
[Date "2019.07.22"]
[Round "5.11"]
[White "Largo Barbero, Benito"]
[Black "Candela Martin, Alvaro"]
[Result "1/2-1/2"]
[WhiteElo "1867"]
[BlackElo "1631"]
[PlyCount "93"]
[EventDate "2019.07.18"]
[EventType "swiss"]
[EventRounds "9"]
[EventCountry "ESP"]
[SourceTitle "Ajedrez en Madrid"]
[Source "lmi"]
[SourceDate "2019.07.18"]
[SourceVersion "1"]
[SourceVersionDate "2019.07.28"]
[SourceQuality "1"]

1. Nc3 e5 2. Nf3 Nc6 3. d4 exd4 4. Nxd4 Nf6 5. Bg5 Bb4 6. Qd3 d5 7. O-O-O Be6
8. a3 Bc5 9. Nxc6 bxc6 10. e4 h6 11. exd5 Bxd5 12. Bxf6 gxf6 13. Nxd5 Qxd5 14.
Qxd5 cxd5 15. Rxd5 Bxf2 16. Bb5+ Kf8 17. Rf1 Be3+ 18. Kb1 Kg7 19. Rf3 Bg5 20.
g3 Rhd8 21. Rfd3 Rxd5 22. Rxd5 Be3 23. c4 Rb8 24. Rd7 Bb6 25. Kc2 Re8 26. Rd2
Re4 27. b3 f5 28. Bc6 Re6 29. Bd5 Rf6 30. Bf3 f4 31. g4 Re6 32. b4 c5 33. Re2
Rxe2+ 34. Bxe2 Kf6 35. Kd3 Ke5 36. Bf3 f5 37. h3 Kf6 38. Kc3 Kg5 39. gxf5 Kxf5
40. Kd3 Ke5 41. Bg4 a5 42. bxc5 Bxc5 43. a4 Be3 44. Bc8 Kd6 45. Bf5 Kc6 46.
Be4+ Kc5 47. Bf3 1/2-1/2

[Event "10. Torneo IRT Mostoles 2019"]
[Site "Móstoles ESP"]
[Date "2019.07.22"]
[Round "5.12"]
[White "Salgado Duarte, Pablo"]
[Black "Martin-Consuegra Barrilero, Francisco Javier"]
[Result "0-1"]
[WhiteElo "1492"]
[BlackElo "1828"]
[PlyCount "74"]
[EventDate "2019.07.18"]
[EventType "swiss"]
[EventRounds "9"]
[EventCountry "ESP"]
[SourceTitle "Ajedrez en Madrid"]
[Source "lmi"]
[SourceDate "2019.07.18"]
[SourceVersion "1"]
[SourceVersionDate "2019.07.28"]
[SourceQuality "1"]

1. d4 d6 2. e4 Nf6 3. Nc3 e5 4. dxe5 dxe5 5. Qxd8+ Kxd8 6. Bg5 c6 7. Bc4 Be6 8.
Bxe6 fxe6 9. O-O-O+ Kc7 10. Nf3 Nbd7 11. a3 Be7 12. Bh4 h6 13. Bg3 Bd6 14. h3
Nh5 15. Ne2 Rhf8 16. Rd2 Nxg3 17. Nxg3 Bc5 18. Rhd1 Rf7 19. Rf1 a5 20. Ne1 Raf8
21. f3 Be3 22. Nd3 g6 23. Rfd1 Bxd2+ 24. Rxd2 b5 25. Nf1 h5 26. Ne3 Rb8 27. c3
c5 28. c4 b4 29. axb4 axb4 30. b3 Ra8 31. Kb2 Ra6 32. Rf2 Rd6 33. Kc2 Rf8 34.
f4 exf4 35. Nxf4 g5 36. Nd3 Rxd3 37. Rxf8 Rc3+ 0-1

[Event "10. Torneo IRT Mostoles 2019"]
[Site "Móstoles ESP"]
[Date "2019.07.22"]
[Round "5.13"]
[White "Lopez Orellana, Federico"]
[Black "Lopez Manso, Jeronimo"]
[Result "1-0"]
[WhiteElo "1752"]
[BlackElo "1560"]
[PlyCount "117"]
[EventDate "2019.07.18"]
[EventType "swiss"]
[EventRounds "9"]
[EventCountry "ESP"]
[SourceTitle "Ajedrez en Madrid"]
[Source "lmi"]
[SourceDate "2019.07.18"]
[SourceVersion "1"]
[SourceVersionDate "2019.07.28"]
[SourceQuality "1"]

1. d4 d5 2. e3 Nf6 3. Bd3 Nc6 4. f4 Bd7 5. c3 e6 6. Nd2 Bd6 7. Ngf3 Ng4 8. Qe2
O-O 9. O-O f5 10. b4 Qe8 11. b5 Na5 12. c4 c6 13. c5 Bc7 14. a4 Rf6 15. h3 Nh6
16. Ne5 Bxe5 17. fxe5 Rg6 18. Nf3 Rg3 19. Bd2 Nb3 20. Rab1 Nxd2 21. Qxd2 Qg6
22. Kh1 Rf8 23. Qf2 Nf7 24. Kh2 Rxf3 25. Qxf3 Ng5 26. Qg3 Qh6 27. Rf4 Nf7 28.
Rh4 Qg5 29. Qxg5 Nxg5 30. Rf4 Ne4 31. Bxe4 dxe4 32. Rf2 g5 33. g3 Kg7 34. b6 a6
35. Rbf1 Kg6 36. g4 Rf7 37. Kg3 h5 38. gxh5+ Kxh5 39. Kh2 Rh7 40. Rg1 Kh4 41.
Rg3 Be8 42. Rg1 Bh5 43. Rgf1 g4 44. hxg4 Bxg4 45. Kg1 Rg7 46. Rh2+ Bh3+ 47. Kf2
Rg3 48. Rg1 Rxg1 49. Kxg1 Kg3 50. Rf2 Bg4 51. Kf1 Bh3+ 52. Ke1 Bg2 53. Rf4 Bf3
54. Kd2 Bg4 55. Kc3 Be2 56. d5 exd5 57. e6 Bh5 58. Rxf5 Be8 59. Rf8 1-0

[Event "10. Torneo IRT Mostoles 2019"]
[Site "Móstoles ESP"]
[Date "2019.07.22"]
[Round "5.14"]
[White "Fernandez Rodriguez, Juan"]
[Black "Huerta Navarro, Eusebio"]
[Result "1-0"]
[WhiteElo "1442"]
[BlackElo "1739"]
[PlyCount "67"]
[EventDate "2019.07.18"]
[EventType "swiss"]
[EventRounds "9"]
[EventCountry "ESP"]
[SourceTitle "Ajedrez en Madrid"]
[Source "lmi"]
[SourceDate "2019.07.18"]
[SourceVersion "1"]
[SourceVersionDate "2019.07.28"]
[SourceQuality "1"]

1. d4 d5 2. f4 Nc6 3. Nf3 Bf5 4. e3 a6 5. Bd3 Qd7 6. c4 Nh6 7. Bxf5 Nxf5 8.
cxd5 Qxd5 9. Nc3 Qc4 10. Qe2 Qxe2+ 11. Kxe2 e6 12. d5 exd5 13. Nxd5 O-O-O 14.
Rd1 f6 15. g4 Nd6 16. Nd4 Nxd4+ 17. Rxd4 Nb5 18. Rd3 Bc5 19. a4 Nd6 20. Bd2 c6
21. Rc1 Ne4 22. Ba5 Rd7 23. Rxc5 Rxd5 24. Rdxd5 Nxc5 25. Rxc5 Re8 26. Rc3 Re4
27. Rd3 b6 28. Bxb6 Rxa4 29. Bc5 g5 30. Kf3 gxf4 31. exf4 Ra5 32. Bd4 Rd5 33.
Ke4 h5 34. Bxf6 1-0

[Event "10. Torneo IRT Mostoles 2019"]
[Site "Móstoles ESP"]
[Date "2019.07.22"]
[Round "5.15"]
[White "Raya Rodriguez, Juan"]
[Black "Jimenez Gallego, Rafael"]
[Result "1-0"]
[WhiteElo "1730"]
[BlackElo "1389"]
[PlyCount "67"]
[EventDate "2019.07.18"]
[EventType "swiss"]
[EventRounds "9"]
[EventCountry "ESP"]
[SourceTitle "Ajedrez en Madrid"]
[Source "lmi"]
[SourceDate "2019.07.18"]
[SourceVersion "1"]
[SourceVersionDate "2019.07.28"]
[SourceQuality "1"]

1. d4 d5 2. Bf4 e6 3. e3 a6 4. Bd3 Nf6 5. Nf3 h6 6. Nbd2 Nc6 7. c3 Bd6 8. Ne5
Bxe5 9. dxe5 Nd7 10. Qh5 g5 11. Bg3 Ndxe5 12. Bc2 Qf6 13. O-O-O Bd7 14. f4 Ng6
15. Rhf1 gxf4 16. Bxf4 Nxf4 17. Rxf4 Qg7 18. Rdf1 Rf8 19. Rxf7 Rxf7 20. Rxf7
Qxf7 21. Bg6 Ne5 22. Bxf7+ Nxf7 23. Nf3 Ke7 24. Qh4+ Kf8 25. Qf6 Kg8 26. Qg6+
Kf8 27. Nh4 Ke7 28. Qg7 Be8 29. Ng6+ Kd6 30. Qf8+ Kc6 31. Qe7 Kb6 32. Qxe6+ c6
33. Ne7 Ka7 34. Nc8+ 1-0

[Event "10. Torneo IRT Mostoles 2019"]
[Site "Móstoles ESP"]
[Date "2019.07.22"]
[Round "5.16"]
[White "Rey Martinez, Jaime"]
[Black "Sacristan Virseda, Fernando"]
[Result "0-1"]
[WhiteElo "1503"]
[BlackElo "1895"]
[PlyCount "108"]
[EventDate "2019.07.18"]
[EventType "swiss"]
[EventRounds "9"]
[EventCountry "ESP"]
[SourceTitle "Ajedrez en Madrid"]
[Source "lmi"]
[SourceDate "2019.07.18"]
[SourceVersion "1"]
[SourceVersionDate "2019.07.28"]
[SourceQuality "1"]

1. e4 e5 2. Nf3 Nf6 3. Nxe5 d6 4. Nf3 Nxe4 5. c3 d5 6. Be2 Be7 7. O-O O-O 8.
Re1 c6 9. d4 Nd7 10. Bd3 Ndf6 11. Ng5 Nxg5 12. Bxg5 h6 13. Bh4 Re8 14. Nd2 Be6
15. Nf3 Bg4 16. h3 Bh5 17. g4 Bg6 18. Bxg6 fxg6 19. Re6 g5 20. Bg3 Ne4 21. Qb3
Qb6 22. c4 Qxb3 23. axb3 Kf7 24. Re5 Nxg3 25. fxg3 dxc4 26. bxc4 Bf6 27. Rxe8
Kxe8 28. Kf2 Kd7 29. Ke3 b6 30. Ke4 a5 31. Ne5+ Kc7 32. Kf5 Rd8 33. Rd1 a4 34.
Rd3 Kb7 35. d5 cxd5 36. cxd5 b5 37. d6 Kb6 38. Nf7 Rf8 39. Ke6 Bxb2 40. Ne5
Rf6+ 41. Kd5 Bxe5 42. Kxe5 Rf8 43. Ke6 b4 44. Ke7 Ra8 45. d7 a3 46. d8=Q+ Rxd8
47. Rxd8 a2 48. Ra8 b3 49. Kd6 Kb7 50. Ra3 b2 51. Rb3+ Kc8 52. Rc3+ Kd8 53. Rb3
b1=Q 54. Rf3 Qb6+ 0-1

[Event "10. Torneo IRT Mostoles 2019"]
[Site "Móstoles ESP"]
[Date "2019.07.22"]
[Round "5.17"]
[White "Cujba, Anca-Claudia"]
[Black "Fernandez Rodriguez, Diego"]
[Result "1-0"]
[WhiteElo "1620"]
[BlackElo "1208"]
[PlyCount "29"]
[EventDate "2019.07.18"]
[EventType "swiss"]
[EventRounds "9"]
[EventCountry "ESP"]
[SourceTitle "Ajedrez en Madrid"]
[Source "lmi"]
[SourceDate "2019.07.18"]
[SourceVersion "1"]
[SourceVersionDate "2019.07.28"]
[SourceQuality "1"]

1. d4 d5 2. Nf3 Bf5 3. Bf4 e6 4. e3 c5 5. c3 Qb6 6. Qa4+ Nc6 7. Bb5 cxd4 8.
Nxd4 Nge7 9. Nd2 a6 10. O-O Rc8 11. Bxc6+ Nxc6 12. Nxf5 exf5 13. Nf3 Be7 14.
Nd4 O-O 15. Nxf5 1-0

[Event "10. Torneo IRT Mostoles 2019"]
[Site "Móstoles ESP"]
[Date "2019.07.23"]
[Round "6.1"]
[White "Moreno Ruiz, Javier"]
[Black "Longa Yauca, Javier"]
[Result "1-0"]
[WhiteElo "2473"]
[BlackElo "2261"]
[PlyCount "45"]
[EventDate "2019.07.18"]
[EventType "swiss"]
[EventRounds "9"]
[EventCountry "ESP"]
[SourceTitle "Ajedrez en Madrid"]
[Source "lmi"]
[SourceDate "2019.07.18"]
[SourceVersion "1"]
[SourceVersionDate "2019.07.28"]
[SourceQuality "1"]

1. d4 d6 2. Nf3 Nf6 3. c4 Nbd7 4. Nc3 g6 5. e4 e5 6. Be2 Bg7 7. O-O O-O 8. Be3
Re8 9. d5 Nc5 10. Nd2 a5 11. a3 a4 12. Bxc5 dxc5 13. Nxa4 b6 14. Nc3 Bf8 15.
Qc2 Bd7 16. Nb3 Qb8 17. Nc1 Ra5 18. Nd3 Qa7 19. f4 exf4 20. Rxf4 b5 21. Rxf6 b4
22. Raf1 Re7 23. Nb1 1-0

[Event "10. Torneo IRT Mostoles 2019"]
[Site "Móstoles ESP"]
[Date "2019.07.23"]
[Round "6.2"]
[White "De La Fuente Gonzalez, Francisco"]
[Black "Candela Perez, Jose"]
[Result "1-0"]
[WhiteElo "2196"]
[BlackElo "2338"]
[PlyCount "73"]
[EventDate "2019.07.18"]
[EventType "swiss"]
[EventRounds "9"]
[EventCountry "ESP"]
[SourceTitle "Ajedrez en Madrid"]
[Source "lmi"]
[SourceDate "2019.07.18"]
[SourceVersion "1"]
[SourceVersionDate "2019.07.28"]
[SourceQuality "1"]

1. Nf3 Nf6 2. c4 e6 3. g3 d5 4. b3 c5 5. Bg2 Nc6 6. O-O d4 7. d3 h6 8. e3 Bd6
9. exd4 cxd4 10. Re1 O-O 11. Na3 e5 12. Nc2 a5 13. a3 Rb8 14. b4 axb4 15. axb4
b5 16. c5 Bc7 17. Bb2 Be6 18. Ra6 Bd5 19. Rxc6 Bxc6 20. Nxe5 Bxg2 21. Kxg2 Qd5+
22. Nf3 Qb3 23. Bxd4 Nd5 24. Nh4 Bd8 25. Nf5 Nf6 26. Kg1 Kh7 27. Nxg7 Kxg7 28.
Qg4+ Kh8 29. Qf4 Kg7 30. Ne3 Qxd3 31. Nf5+ Kg8 32. Nxh6+ Kh7 33. Nf5 Kg6 34.
Qh6+ Kxf5 35. Re5+ Kg4 36. Qh4+ Kf3 37. Qf4# 1-0

[Event "10. Torneo IRT Mostoles 2019"]
[Site "Móstoles ESP"]
[Date "2019.07.23"]
[Round "6.3"]
[White "Sanchez Garcia, Aurelio"]
[Black "Gago Padreny, Ignacio"]
[Result "0-1"]
[WhiteElo "2011"]
[BlackElo "2258"]
[PlyCount "76"]
[EventDate "2019.07.18"]
[EventType "swiss"]
[EventRounds "9"]
[EventCountry "ESP"]
[SourceTitle "Ajedrez en Madrid"]
[Source "lmi"]
[SourceDate "2019.07.18"]
[SourceVersion "1"]
[SourceVersionDate "2019.07.28"]
[SourceQuality "1"]

1. Nf3 Nf6 2. c4 b6 3. e3 Bb7 4. d4 e6 5. Bd3 d5 6. O-O Nbd7 7. Nc3 a6 8. b3
Bd6 9. Bb2 O-O 10. Rc1 Qe7 11. Na4 Ne4 12. c5 bxc5 13. Ne5 cxd4 14. Nxd7 Qxd7
15. Bxe4 dxe4 16. Qxd4 e5 17. Qc4 Qb5 18. Nc5 Qxc4 19. Rxc4 Bd5 20. Rc2 f5 21.
Nd7 Rfe8 22. Rd1 Bf7 23. Nb6 Rad8 24. Nc4 Bxc4 25. bxc4 Ba3 26. Rxd8 Rxd8 27.
g4 Bxb2 28. Rxb2 f4 29. Kg2 Rd6 30. c5 Rd5 31. Rb4 fxe3 32. Rxe4 exf2 33. Kxf2
Rxc5 34. Re2 Kf7 35. Kg3 Ke6 36. Rd2 Rc3+ 37. Kg2 a5 38. Rb2 a4 0-1

[Event "10. Torneo IRT Mostoles 2019"]
[Site "Móstoles ESP"]
[Date "2019.07.23"]
[Round "6.4"]
[White "Garcia Dorado, Alberto"]
[Black "Fernandez Lopez, Jaime"]
[Result "1-0"]
[WhiteElo "2208"]
[BlackElo "1676"]
[PlyCount "63"]
[EventDate "2019.07.18"]
[EventType "swiss"]
[EventRounds "9"]
[EventCountry "ESP"]
[SourceTitle "Ajedrez en Madrid"]
[Source "lmi"]
[SourceDate "2019.07.18"]
[SourceVersion "1"]
[SourceVersionDate "2019.07.28"]
[SourceQuality "1"]

1. Nf3 Nf6 2. c4 g6 3. g3 Bg7 4. Bg2 O-O 5. d4 d6 6. O-O Nbd7 7. Nc3 e5 8. h3
c6 9. e4 Re8 10. Be3 Nb6 11. b3 exd4 12. Nxd4 d5 13. exd5 cxd5 14. c5 Nbd7 15.
b4 Ne5 16. Ndb5 Nc4 17. Bf4 Nh5 18. Rc1 Nxf4 19. gxf4 a6 20. Nd4 Be6 21. Re1
Qf6 22. Nxe6 fxe6 23. Nxd5 exd5 24. Qxd5+ Qf7 25. Rxe8+ Rxe8 26. Qxf7+ Kxf7 27.
Bd5+ Ke7 28. Rxc4 Rb8 29. a4 Kd7 30. b5 axb5 31. axb5 Bf8 32. Bxb7 1-0

[Event "10. Torneo IRT Mostoles 2019"]
[Site "Móstoles ESP"]
[Date "2019.07.23"]
[Round "6.5"]
[White "Huerto Moreno, Jorge"]
[Black "Gonzalez Pinar, Adrian"]
[Result "0-1"]
[WhiteElo "1704"]
[BlackElo "1866"]
[PlyCount "120"]
[EventDate "2019.07.18"]
[EventType "swiss"]
[EventRounds "9"]
[EventCountry "ESP"]
[SourceTitle "Ajedrez en Madrid"]
[Source "lmi"]
[SourceDate "2019.07.18"]
[SourceVersion "1"]
[SourceVersionDate "2019.07.28"]
[SourceQuality "1"]

1. e4 e6 2. d4 d5 3. Nd2 c5 4. c3 cxd4 5. cxd4 dxe4 6. Nxe4 Nf6 7. Bd3 Nxe4 8.
Bxe4 Bb4+ 9. Bd2 Bxd2+ 10. Qxd2 O-O 11. Nf3 Nc6 12. O-O Qb6 13. Rac1 Rd8 14.
Qc2 g6 15. Bxc6 bxc6 16. Qxc6 Qxc6 17. Rxc6 Bb7 18. Rc4 Ba6 19. b3 Bxc4 20.
bxc4 f6 21. Rb1 Rab8 22. Rb3 Kf7 23. Kf1 g5 24. h3 Rb6 25. Ke2 h5 26. g4 hxg4
27. hxg4 Ra6 28. Rb2 Ra3 29. c5 Rd7 30. Rc2 Ke7 31. Rb2 Rc3 32. a4 Ra3 33. Rb4
a5 34. Rb8 Rxa4 35. Rh8 Ra2+ 36. Ke3 Rc7 37. Nd2 Kd7 38. Nc4 Kc6 39. Rf8 Rc2
40. Nxa5+ Kb5 41. Rxf6 Kxa5 42. Rxe6 Rc3+ 43. Ke4 Rf7 44. Re5 Rf4+ 45. Kd5 Rxg4
46. c6 Kb6 47. f3 Rg3 48. Ke4 Rxc6 49. d5 Rc4+ 50. Kd3 Rc8 51. Ke4 Rf8 52. Re6+
Kc7 53. Ke5 Kd7 54. Rd6+ Kc7 55. Re6 Rgxf3 56. d6+ Kd8 57. Rg6 R3f5+ 58. Ke6
R5f6+ 59. Rxf6 Rxf6+ 60. Kxf6 g4 0-1

[Event "10. Torneo IRT Mostoles 2019"]
[Site "Móstoles ESP"]
[Date "2019.07.23"]
[Round "6.6"]
[White "Sotoca Aguado, Jose"]
[Black "Contreras Donoso, Juan Francisco"]
[Result "1-0"]
[WhiteElo "1865"]
[BlackElo "1766"]
[PlyCount "37"]
[EventDate "2019.07.18"]
[EventType "swiss"]
[EventRounds "9"]
[EventCountry "ESP"]
[SourceTitle "Ajedrez en Madrid"]
[Source "lmi"]
[SourceDate "2019.07.18"]
[SourceVersion "1"]
[SourceVersionDate "2019.07.28"]
[SourceQuality "1"]

1. e4 e5 2. Nf3 Nc6 3. Bb5 a6 4. Bxc6 dxc6 5. d4 Bg4 6. dxe5 Qxd1+ 7. Kxd1
Bxf3+ 8. gxf3 O-O-O+ 9. Ke2 Ne7 10. Be3 Ng6 11. f4 Be7 12. Nd2 Rd7 13. Nf3 Rhd8
14. h4 h6 15. f5 Nh8 16. h5 b6 17. Rag1 Bf8 18. f6 g6 19. e6 1-0

[Event "10. Torneo IRT Mostoles 2019"]
[Site "Móstoles ESP"]
[Date "2019.07.23"]
[Round "6.7"]
[White "Raya Rodriguez, Juan"]
[Black "Rebollo Palos, Isaac"]
[Result "0-1"]
[WhiteElo "1730"]
[BlackElo "1869"]
[PlyCount "106"]
[EventDate "2019.07.18"]
[EventType "swiss"]
[EventRounds "9"]
[EventCountry "ESP"]
[SourceTitle "Ajedrez en Madrid"]
[Source "lmi"]
[SourceDate "2019.07.18"]
[SourceVersion "1"]
[SourceVersionDate "2019.07.28"]
[SourceQuality "1"]

1. d4 d5 2. Bf4 Nf6 3. e3 c5 4. c3 Nc6 5. Nd2 Bf5 6. Qb3 Qb6 7. Qxb6 axb6 8.
Bb5 Nd7 9. Ngf3 f6 10. O-O g5 11. Bg3 h5 12. h4 g4 13. Nh2 Bh6 14. Rfe1 cxd4
15. Nhf1 dxc3 16. bxc3 O-O 17. e4 dxe4 18. Nxe4 Bxe4 19. Rxe4 e5 20. Re2 Nc5
21. Ne3 Bxe3 22. Rxe3 Ne7 23. Bc4+ Kg7 24. Bh2 Nf5 25. Re2 Ra4 26. Bb5 Ra5 27.
Rb2 Rd8 28. a4 Nxa4 29. Bxa4 Rxa4 30. Rab1 Rd6 31. Kf1 Ra6 32. Ke2 Kf7 33. g3
Rc6 34. Rc1 Nd6 35. f4 e4 36. Bg1 b5 37. Rb3 Ra2+ 38. Kf1 Ke6 39. Bd4 Nf5 40.
Bf2 e3 41. Be1 Nd6 42. Rb4 Rc4 43. Rcb1 Kd5 44. Rxc4 bxc4 45. Rd1+ Kc5 46. Rd4
b5 47. Kg1 Rc2 48. Rd1 Ra2 49. Kh1 f5 50. Rc1 Ne4 51. Kg1 Nd2 52. Bxd2 exd2 53.
Rd1 b4 0-1

[Event "10. Torneo IRT Mostoles 2019"]
[Site "Móstoles ESP"]
[Date "2019.07.23"]
[Round "6.8"]
[White "Centeno Mendoza, Julio Stefano"]
[Black "Olmedo Aznar, Eduardo"]
[Result "1-0"]
[WhiteElo "1725"]
[BlackElo "1786"]
[PlyCount "67"]
[EventDate "2019.07.18"]
[EventType "swiss"]
[EventRounds "9"]
[EventCountry "ESP"]
[SourceTitle "Ajedrez en Madrid"]
[Source "lmi"]
[SourceDate "2019.07.18"]
[SourceVersion "1"]
[SourceVersionDate "2019.07.28"]
[SourceQuality "1"]

1. e4 Nf6 2. e5 Nd5 3. d4 d6 4. c4 Nb6 5. f4 dxe5 6. fxe5 Nc6 7. Be3 Bf5 8. Nc3
e6 9. Nf3 Qd7 10. d5 exd5 11. cxd5 Nb4 12. Nd4 N6xd5 13. Nxd5 Qxd5 14. a3 Qxe5
15. Nxf5 Nd5 16. Qf3 g6 17. O-O-O O-O-O 18. Bc4 Nxe3 19. Rxd8+ Kxd8 20. Nxe3
Bh6 21. Rd1+ Kc8 22. Qh3+ Kb8 23. Qxh6 g5 24. Nf1 Qc5 25. Nd2 b5 26. b4 Qe5 27.
Bxf7 Qc3+ 28. Kb1 Rd8 29. Qxg5 Qd3+ 30. Kb2 Qd4+ 31. Ka2 Qd3 32. Bb3 Rd6 33.
Nc4 Qe2+ 34. Rd2 1-0

[Event "10. Torneo IRT Mostoles 2019"]
[Site "Móstoles ESP"]
[Date "2019.07.23"]
[Round "6.9"]
[White "Lopez Orellana, Federico"]
[Black "Fernandez Rodriguez, Juan"]
[Result "1/2-1/2"]
[WhiteElo "1752"]
[BlackElo "1442"]
[PlyCount "62"]
[EventDate "2019.07.18"]
[EventType "swiss"]
[EventRounds "9"]
[EventCountry "ESP"]
[SourceTitle "Ajedrez en Madrid"]
[Source "lmi"]
[SourceDate "2019.07.18"]
[SourceVersion "1"]
[SourceVersionDate "2019.07.28"]
[SourceQuality "1"]

1. d4 Nf6 2. Bg5 d5 3. e3 Bf5 4. c4 h6 5. Bf4 dxc4 6. Bxc4 e6 7. Qb3 Bd6 8.
Bxd6 cxd6 9. Nc3 Qc7 10. Nge2 a6 11. Ng3 Bh7 12. O-O d5 13. Be2 O-O 14. Rac1
Nc6 15. Qd1 Qd6 16. Bd3 Bxd3 17. Qxd3 b5 18. Qe2 Rfc8 19. Nh5 Nxh5 20. Qxh5 Qd8
21. f4 Ne7 22. g4 b4 23. Ne2 Rxc1 24. Nxc1 Rc8 25. Nd3 Rc2 26. Ne5 Qe8 27. f5
exf5 28. gxf5 Nc6 29. f6 Nxe5 30. dxe5 Qe6 31. Rf4 Qb6 1/2-1/2

[Event "10. Torneo IRT Mostoles 2019"]
[Site "Móstoles ESP"]
[Date "2019.07.23"]
[Round "6.10"]
[White "Sacristan Virseda, Fernando"]
[Black "Cujba, Anca-Claudia"]
[Result "1-0"]
[WhiteElo "1895"]
[BlackElo "1620"]
[PlyCount "81"]
[EventDate "2019.07.18"]
[EventType "swiss"]
[EventRounds "9"]
[EventCountry "ESP"]
[SourceTitle "Ajedrez en Madrid"]
[Source "lmi"]
[SourceDate "2019.07.18"]
[SourceVersion "1"]
[SourceVersionDate "2019.07.28"]
[SourceQuality "1"]

1. e4 b6 2. Nc3 Bb7 3. g3 e6 4. Bg2 Nf6 5. d3 d5 6. Bg5 Nc6 7. exd5 Nb4 8. Ne4
Nbxd5 9. c4 Qe7 10. cxd5 exd5 11. Qa4+ c6 12. Bxf6 gxf6 13. Ne2 dxe4 14. Qxe4
Qxe4 15. Bxe4 Bb4+ 16. Nc3 Rd8 17. O-O-O Bc5 18. f4 h5 19. Ne2 h4 20. d4 Be7
21. Nc3 hxg3 22. hxg3 Rxh1 23. Bxh1 f5 24. d5 c5 25. Nb5 Bf6 26. a4 Kf8 27.
Nxa7 Bd4 28. Nc6 Be3+ 29. Kc2 Rd6 30. a5 b5 31. Ra1 Rg6 32. a6 Ba8 33. Na7 b4
34. Nc8 c4 35. d6 Bxh1 36. Rxh1 Rxg3 37. d7 Rg2+ 38. Kb1 c3 39. d8=Q+ Kg7 40.
Qh8+ Kg6 41. Qh6# 1-0

[Event "10. Torneo IRT Mostoles 2019"]
[Site "Móstoles ESP"]
[Date "2019.07.23"]
[Round "6.11"]
[White "Martinez Pascual, Gonzalo"]
[Black "Largo Barbero, Benito"]
[Result "1/2-1/2"]
[WhiteElo "1557"]
[BlackElo "1867"]
[PlyCount "115"]
[EventDate "2019.07.18"]
[EventType "swiss"]
[EventRounds "9"]
[EventCountry "ESP"]
[SourceTitle "Ajedrez en Madrid"]
[Source "lmi"]
[SourceDate "2019.07.18"]
[SourceVersion "1"]
[SourceVersionDate "2019.07.28"]
[SourceQuality "1"]

1. d4 d6 2. Bf4 g6 3. e3 Bg7 4. Nf3 Nf6 5. Be2 O-O 6. O-O c6 7. c4 Qe8 8. h3
Nfd7 9. Bh2 e5 10. Nc3 f5 11. d5 Qe7 12. dxc6 bxc6 13. Qb3 Nc5 14. Qa3 g5 15.
b4 Ne6 16. b5 Nc7 17. Rad1 g4 18. hxg4 fxg4 19. Nd2 Rf6 20. Nde4 Rh6 21. Bg3
Bf8 22. Qb3 c5 23. f3 Qg7 24. fxg4 Bxg4 25. Qc2 Nd7 26. Rf2 Qg6 27. Qd3 Bf5 28.
Rdf1 Bxe4 29. Nxe4 Be7 30. Bf3 Rf8 31. Qc2 Bh4 32. Bxh4 Rxh4 33. Nc3 Qh6 34.
Re2 Rh1+ 35. Kf2 Qh4+ 36. g3 Rxf1+ 37. Kxf1 Rxf3+ 38. Ke1 Qxg3+ 39. Kd2 Rf2 40.
Qa4 Rxe2+ 41. Nxe2 Qg7 42. Qxa7 Ne6 43. b6 e4 44. b7 Qb2+ 45. Ke1 Nd8 46. Qa8
Qb6 47. a4 Qxb7 48. Qxd8+ Kf7 49. Qh8 Nf6 50. Qd8 Qb4+ 51. Kf2 Qxa4 52. Qxd6
Qxc4 53. Qc7+ Kf8 54. Qd6+ Kg7 55. Qg3+ Kf7 56. Qc7+ Ke8 57. Qe5+ Kf7 58. Qc7+
1/2-1/2

[Event "10. Torneo IRT Mostoles 2019"]
[Site "Móstoles ESP"]
[Date "2019.07.23"]
[Round "6.13"]
[White "Candela Martin, Alvaro"]
[Black "Camarero Izquierdo, Juan Carlos"]
[Result "0-1"]
[WhiteElo "1631"]
[BlackElo "1801"]
[PlyCount "100"]
[EventDate "2019.07.18"]
[EventType "swiss"]
[EventRounds "9"]
[EventCountry "ESP"]
[SourceTitle "Ajedrez en Madrid"]
[Source "lmi"]
[SourceDate "2019.07.18"]
[SourceVersion "1"]
[SourceVersionDate "2019.07.28"]
[SourceQuality "1"]

1. e4 c5 2. Nf3 d6 3. Bb5+ Bd7 4. Bxd7+ Qxd7 5. O-O e6 6. c3 Nf6 7. Re1 Nc6 8.
d4 d5 9. e5 Ne4 10. Nbd2 f5 11. exf6 Nxf6 12. Qe2 Nd8 13. Ng5 cxd4 14. cxd4 Be7
15. Nxe6 g6 16. Nb3 b6 17. Bg5 Ne4 18. Bxe7 Nxe6 19. f3 Qxe7 20. fxe4 Nf4 21.
Qf3 O-O 22. e5 Rf5 23. Rac1 Raf8 24. Rc2 Qf7 25. h3 Qe7 26. Rec1 Nxg2 27. Qxd5+
Kh8 28. Rxg2 Qh4 29. Qc4 Rf2 30. Rc2 R2f3 31. Qe2 Rxh3 32. Rh2 Rxh2 33. Qxh2
Qe1+ 34. Kg2 Qf1+ 35. Kg3 Qf3+ 36. Kh4 Rf4+ 37. Qxf4 Qxf4+ 38. Kh3 Qf5+ 39. Kg3
Qxc2 40. Kf3 Qxb2 41. e6 Qxa2 42. d5 Qxb3+ 43. Ke4 Kg7 44. Ke5 Qg3+ 45. Kd4 Qd6
46. Ke4 Kf6 47. Kd4 a5 48. Kc4 b5+ 49. Kd4 a4 50. Ke4 a3 0-1